000 00951nam a2200301 i 4500
999 _c1921
_d1921
001 020476708
003 UkOxU
005 20230217160243.0
008 160229s2015 enka j 001 0 eng c
015 _aGBB631924
_2bnb
020 _a9781472380517 (hbk.) :
035 _a(IeDuTC)b164306328
035 _a(Uk)017395253
040 _aUK-WkNB
_beng
_cUK-WkNB
_dIeDuTC
_dKH8
_erda
042 _aukscp
082 0 4 _a567.9 SOL
_223
245 0 0 _aDinosaurs :
_bmeet the giants of the prehistoric world.
_cSOL S.L
264 1 _aBath, UK :
_bParragon Books Ltd,
_c2015.
300 _a77 pages :
_billustrations (black and white, and colour) ;
_c28 cm
336 _atext
_2rdacontent
337 _aunmediated
_2rdamedia
338 _avolume
_2rdacarrier
500 _aOriginal edition by Editorial SOL".
500 _aIncludes index and glossary of terms.
650 0 _aDinosaurs
_vJuvenile literature.
710 _aSOL S.L
_eauthor
942 _2ddc
_cNFIC